000 003800000a22001570004500
003 MACL
005 20160101170658.0
008 160101b xxu||||| |||| 00| 0 eng d
040 _aMACL
_cMACL
041 _aEnglish
082 _a531/HAS
100 _aWaverley Book Co Ltd
_926738
245 _aCyclopaedia of Mechanics
650 _aMechanics
_926739
942 _cBK
_k531/HAS
_2ddc
999 _c38027
_d38027